<?xml version="1.0" encoding="UTF-8"?>
<record
    xmlns:xsi="http://www.w3.org/2001/XMLSchema-instance"
    xsi:schemaLocation="http://www.loc.gov/MARC21/slim http://www.loc.gov/standards/marcxml/schema/MARC21slim.xsd"
    xmlns="http://www.loc.gov/MARC21/slim">

  <leader>02035cam a2200337 a 4500</leader>
  <datafield tag="999" ind1=" " ind2=" ">
    <subfield code="c">1922</subfield>
    <subfield code="d">1922</subfield>
  </datafield>
  <controlfield tag="001">7461454</controlfield>
  <controlfield tag="003">OCoLC</controlfield>
  <controlfield tag="005">20180921183050.0</controlfield>
  <controlfield tag="008">810406s1981    nyuacf   b    001 0 eng  </controlfield>
  <datafield tag="010" ind1=" " ind2=" ">
    <subfield code="a">81003716</subfield>
  </datafield>
  <datafield tag="020" ind1=" " ind2=" ">
    <subfield code="a">0070506698</subfield>
  </datafield>
  <datafield tag="020" ind1=" " ind2=" ">
    <subfield code="a">9780070506695</subfield>
  </datafield>
  <datafield tag="040" ind1=" " ind2=" ">
    <subfield code="a">DLC</subfield>
    <subfield code="b">eng</subfield>
    <subfield code="c">DLC</subfield>
    <subfield code="d">MUQ</subfield>
    <subfield code="d">BAKER</subfield>
    <subfield code="d">CVM</subfield>
    <subfield code="d">DMF</subfield>
    <subfield code="d">BTCTA</subfield>
    <subfield code="d">OCLCQ</subfield>
    <subfield code="d">OCLCG</subfield>
    <subfield code="d">IBV</subfield>
    <subfield code="d">DEBBG</subfield>
    <subfield code="d">YDXCP</subfield>
    <subfield code="d">VOV</subfield>
    <subfield code="d">GBVCP</subfield>
    <subfield code="d">OCLCF</subfield>
  </datafield>
  <datafield tag="043" ind1=" " ind2=" ">
    <subfield code="a">n-us-hi</subfield>
  </datafield>
  <datafield tag="050" ind1="0" ind2=" ">
    <subfield code="a">D767.92</subfield>
    <subfield code="b">.P72</subfield>
  </datafield>
  <datafield tag="082" ind1=" " ind2=" ">
    <subfield code="a">940.5</subfield>
    <subfield code="b">P899A</subfield>
  </datafield>
  <datafield tag="100" ind1="1" ind2=" ">
    <subfield code="a">Prange, Gordon W.</subfield>
    <subfield code="q">(Gordon William),</subfield>
    <subfield code="d">1910-1980.</subfield>
  </datafield>
  <datafield tag="245" ind1="1" ind2="0">
    <subfield code="a">At dawn we slept :</subfield>
    <subfield code="b">the untold story of Pearl Harbor /</subfield>
    <subfield code="c">Gordon W. Prange in collaboration with Donald M. Goldstein and Katherine V. Dillon.</subfield>
  </datafield>
  <datafield tag="260" ind1=" " ind2=" ">
    <subfield code="a">New York :</subfield>
    <subfield code="b">McGraw-Hill,</subfield>
    <subfield code="c">c1981.</subfield>
  </datafield>
  <datafield tag="300" ind1=" " ind2=" ">
    <subfield code="a">xvi, 873 p., [8] leaves of plates :</subfield>
    <subfield code="b">ill., ports.. ;</subfield>
    <subfield code="c">24 cm.</subfield>
  </datafield>
  <datafield tag="500" ind1=" " ind2=" ">
    <subfield code="a">Includes index.</subfield>
  </datafield>
  <datafield tag="500" ind1=" " ind2=" ">
    <subfield code="a">Sequel: Miracle at Midway.</subfield>
  </datafield>
  <datafield tag="504" ind1=" " ind2=" ">
    <subfield code="a">Bibliography: p. 827-838.</subfield>
  </datafield>
  <datafield tag="505" ind1="0" ind2=" ">
    <subfield code="a">Prelude -- Action -- Aftermath -- Appendix.</subfield>
  </datafield>
  <datafield tag="520" ind1=" " ind2=" ">
    <subfield code="a">"Fifty years after the attack that plunged America into World War II, 'At Dawn We Slept' remains the greatest account of Pearl Harbor ever written. This gripping study scrupulously reconstructs the Japanese attack, from its conception (less than a year before the actual raid) to its lightning execution; and it reveals the true reason for the American debacle: the insurmountable disbelief in the Japanese threat that kept America from heeding advance warnings and caused leaders to ignore evidence submitted by our own intelligence sources. Based on thirty-seven years of intense research and countless interviews, and incorporating previously untranslated documents, 'At Dawn We Slept' is history with the dramatic sweep of a martial epic."</subfield>
  </datafield>
  <datafield tag="650" ind1=" " ind2="0">
    <subfield code="a">Pearl Harbor (Hawaii), Attack on, 1941.</subfield>
  </datafield>
  <datafield tag="700" ind1="1" ind2=" ">
    <subfield code="a">Goldstein, Donald M.</subfield>
  </datafield>
  <datafield tag="700" ind1="1" ind2=" ">
    <subfield code="a">Dillon, Katherine V.</subfield>
  </datafield>
  <datafield tag="776" ind1="0" ind2="8">
    <subfield code="i">Online version:</subfield>
    <subfield code="a">Prange, Gordon W. (Gordon William), 1910-1980.</subfield>
    <subfield code="t">At dawn we slept.</subfield>
    <subfield code="d">New York : McGraw-Hill, c1981</subfield>
    <subfield code="w">(OCoLC)562769205</subfield>
  </datafield>
  <datafield tag="942" ind1=" " ind2=" ">
    <subfield code="2">ddc</subfield>
    <subfield code="c">BK</subfield>
  </datafield>
  <datafield tag="952" ind1=" " ind2=" ">
    <subfield code="0">0</subfield>
    <subfield code="1">0</subfield>
    <subfield code="2">ddc</subfield>
    <subfield code="4">0</subfield>
    <subfield code="7">0</subfield>
    <subfield code="8">NFIC</subfield>
    <subfield code="a">HMC</subfield>
    <subfield code="b">HMC</subfield>
    <subfield code="c">GEN</subfield>
    <subfield code="d">2018-09-21</subfield>
    <subfield code="g">950.00</subfield>
    <subfield code="l">0</subfield>
    <subfield code="o">940.5 P899A</subfield>
    <subfield code="p">002999</subfield>
    <subfield code="r">2018-09-21 00:00:00</subfield>
    <subfield code="w">2018-09-21</subfield>
    <subfield code="y">BK</subfield>
  </datafield>
</record>
